000 00508nam a2200193Ia 4500
005 20250326141527.0
008 250326s9999 xx 000 0 und d
037 _aTextbook
040 _aFMSL
_beng
_cFMSL
041 _aeng
_2eng
084 _qFMSL
100 _aNapier R W
_9744645
245 0 _aGroups theory and experience
_cNapier R W; Gershenfeld M K
250 _a4th
260 _aBoston
_bBoston, Haughton Miklin co.
_c1987
300 _a580p
942 _cTB
999 _c1290719
_d1290719